000
00475nam a2200145Ia 4500
008
100204s9999 xx 000 0 und d
082
_b
1344
100
_a
जोशी व. कृ.
245
_a
भीषण हत्याकांड
260
_b
"उदयदीप प्रकाशन , मुंबई"
_c
1977
300
_a
165
630
_a
भीषण हत्याकांड
730
_a
भीषण हत्याकांड
942
_c
BOOK
999
_c
446510
_d
446507